000 00397nam a2200145 a 4500
001 000038665
005 20201002031328.0
008 130417s1978 dr 000 0 spa d
040 _aDO-SdBNP
_bspa
_cBNPHU
100 1 _aLópex, Guarionex
_964989
245 1 0 _aDe cuando en cuando /
_cGuarionex López.
250 _a2a ed.
260 _aSanto Domingo :
_bUNPHU,
_c1978.
300 _a145 p. ;
_c23 cm.
999 _c38155
_d38155